[Event "Winter Chess Classic-A 2019"]
[Site "Saint Louis"]
[Date "2019.11.15"]
[Round "6.2"]
[White "Oparin, Grigoriy"]
[Black "Erdos, Viktor"]
[Result "0-1"]
[WhiteElo "2657"]
[BlackElo "2613"]
[Annotator "TA"]
[PlyCount "88"]
[EventDate "2019.11.10"]
[EventType "tourn"]
[EventCountry "USA"]
[SourceTitle "playchess.com"]
[Source "ChessBase"]
[SourceQuality "1"]

{[%evp 12,164,36,19,27,14,18,-5,-6,-22,-20,-26,-25,-33,-23,-22,-15,-23,-12,-7,-4,-55,-61,-45,-18,-32,-32,-68,-59,-66,-29,-91,-79,-88,-52,-85,-85,-85,-62,-72,-67,-72,-69,-74,-79,-87,-87,-122,-96,-148,-149,-155,-140,-143,-116,-122,-118,-124,-124,-118,-117,-184,-172,-356,-347,-416,-411,-440,-398,-397,-391,-540,-531,-923,-917,-1171,-843,-920,-441,-486,-475,-475,-475,-481,-464,-489,-478,-446,-476,-471,-469,-460,-435,-502,-472,-1493,-1508,-5322,-5306,-29982,-1357,-2273,-2272,-2531,-2399,-1605,-2206,-2065,-1643,-2133,-917,-710,0,-1889,-3450,-2542,-2363,-1971,-1815,-29980,-1028,-1008,-987,-919,-774,-729,-593,-409,-146,-211,-207,-495,-469,-822,-970,-1483,-1482,-1351,-1349,-1312,-1297,-1274,-1208,-1146,-1104,-29977,-29978,-29978,-29979,-29981,-29982,-29985,-29985,-29985,-29986]} 1. Nf3 c5 2. c4 Nf6 3. Nc3 d5 4. cxd5 Nxd5 5. e3 Nxc3 6. bxc3 g6 7. Bb5+ Bd7 {A34: Symmetrical English: 2 Nc3, lines with ...d5} 8. Qb3 (8. Be2 Bg7 9. d4 O-O 10. O-O Qc7 11. e4 Bg4 12. Bg5 Rd8 13. Rc1 Nc6 14. d5 Na5 15. Nd2 Bxe2 16. Qxe2 c4 17. Nf3 b5 18. Rfd1 {1-0 (36) Artemiev,V (2757)-Fedoseev,V (2671) Izhevsk 2019}) 8... Bg7 9. Ba3 Qa5 {The position is equal.} 10. Rb1 $146 ({Predecessor:} 10. Bxd7+ Nxd7 11. O-O b6 12. Bb2 O-O 13. c4 Bxb2 14. Qxb2 Rac8 {1-0 (78) Vaganian,R-Palatnik,S Tbilisi 1973}) 10... b6 11. Bc4 O-O 12. O-O Ba4 13. Qb2 Nd7 14. d4 Rfc8 {Threatens to win with ...cxd4.} 15. Nd2 b5 16. Nb3 (16. Bd3 $11) 16... Bxb3 $15 17. Bxb3 e6 $36 {[%mdl 2048] And now ...b4 would win. Black is pushing.} 18. Bd1 $1 Rab8 {[%cal Ba8b8,Bb8b7,Bb7c7][%mdl 32]} 19. Qb3 Bf8 20. Bc1 a6 21. e4 (21. Bd2 $11 {keeps the balance.}) 21... Nb6 $17 22. Bf4 Rb7 23. Bf3 Na4 24. Rfc1 Qd8 25. Be3 Rbc7 26. d5 c4 27. Qc2 exd5 28. Rd1 Bg7 29. Rxd5 Rd7 30. Rxd7 (30. Bd2 $142) 30... Qxd7 31. Rd1 Qe7 32. Bd4 Be5 33. g3 Bxd4 34. cxd4 Qa3 $1 {[%cal Ra3f3]} 35. Bg4 Rd8 36. Qd2 (36. d5 $17) 36... Nb2 $19 37. Qg5 $2 (37. Rf1 {keeps fighting.}) 37... Re8 38. Rf1 {intending e5.} Rxe4 39. Qd8+ Qf8 40. Qd7 Qe7 41. Qc6 Nd3 42. d5 Re1 43. Bh3 Kg7 44. d6 {[#]} Qf6 {Played: Qe7-a7} 0-1

[Event "Winter Chess Classic-A 2019"]
[Site "Saint Louis"]
[Date "2019.11.15"]
[Round "6.3"]
[White "Xiong, Jeffery"]
[Black "Jumabayev, Rinat"]
[Result "0-1"]
[WhiteElo "2712"]
[BlackElo "2641"]
[Annotator "TA"]
[PlyCount "88"]
[EventDate "2019.11.10"]
[EventType "tourn"]
[EventCountry "USA"]
[SourceTitle "playchess.com"]
[Source "ChessBase"]
[SourceQuality "1"]

{[%evp 11,88,19,35,22,23,18,29,12,18,9,15,18,21,20,11,6,14,-31,-13,-19,-16,-13,-13,-90,-83,-45,-5,-6,0,0,0,-16,0,-18,-19,-27,-16,-30,-28,-19,0,-48,-14,-64,-51,-37,-28,-160,-114,-130,-130,-112,-126,-178,-168,-390,-390,-390,-390,-369,-378,-29946,-29950,-29986,-29949,-29944,-29949,-29938,-29939,-29956,-29948,-11677,-6444,-29966,-29966,-29969,-29970,-12848,-6098]} 1. e4 e6 2. d4 d5 3. Nc3 Nf6 4. Bg5 dxe4 5. Nxe4 Be7 6. Bxf6 gxf6 7. Nc3 {C13: French: Classical System: 4 Bg5 Be7, Alekhine-Chatard Attack} (7. Qd2 b6 8. O-O-O Bb7 9. Nc3 c6 10. Be2 Nd7 11. f4 f5 12. Nf3 Qc7 13. Ne5 h5 14. Bf3 Nxe5 15. dxe5 {½-½ (38) Kryvoruchko,Y (2669)-Ponkratov,P (2644) Mali Losinj 2019}) 7... a6 8. g3 Nc6 9. Nge2 $146 {White has an edge.} ({Predecessor:} 9. Nf3 e5 10. Bg2 exd4 11. Ne2 Bb4+ 12. Kf1 Bc5 13. Qd2 Be6 14. Rd1 Qd6 15. Nexd4 Nxd4 16. Nxd4 {½-½ (30) Arjun,K (2444)-Kosic,D (2500) Budapest 2019}) 9... e5 {[%cal Re5d4]} 10. d5 Na5 11. Qd3 b5 {[%cal Bb7b5,Bb5b4][%mdl 32]} 12. Bg2 {[#] Hoping for d6.} Rb8 13. O-O f5 14. a4 {[%cal Ra4b5]} b4 15. Nd1 $1 Bc5 16. Ne3 Qf6 17. Nc4 (17. c3 $11) 17... Nxc4 $17 18. Qxc4 Qd6 19. Nc1 {Black must now prevent Nd3.} O-O 20. Nb3 $36 {[%mdl 2048] White fights for an advantage.} Bb6 21. Qh4 Re8 22. Rad1 Bd7 23. Bh3 Qg6 24. a5 Ba7 25. Rfe1 Kh8 26. Rd2 Qd6 27. Rdd1 e4 $1 28. Nd4 Re5 29. Qf4 (29. Kg2 $11) 29... Rbe8 30. c4 bxc3 $1 31. bxc3 Rxd5 32. Qxd6 (32. Qh4 $17) 32... cxd6 $19 33. Nxf5 $2 (33. Nc2 Ree5 34. Nb4) 33... Bxf5 34. Rxd5 Bxh3 35. Rxd6 e3 36. Kh1 $2 (36. fxe3 $19 Bxe3+ 37. Kh1) 36... exf2 {[%cal Rf2e1]} 37. Rxe8+ Kg7 {[%cal Rf2f1]} 38. Rd1 {[#]} Bd7 $1 39. Kg2 Bxe8 40. c4 Bc6+ 41. Kf1 Be4 42. h3 Bc5 43. g4 Kf6 44. Rd7 Ke6 {Accuracy: White = 25%, Black = 83%.} 0-1

[Event "Winter Chess Classic-A 2019"]
[Site "Saint Louis"]
[Date "2019.11.15"]
[Round "6.4"]
[White "Sevian, Samuel"]
[Black "Sarana, Alexey"]
[Result "1/2-1/2"]
[WhiteElo "2657"]
[BlackElo "2664"]
[Annotator "TA"]
[PlyCount "93"]
[EventDate "2019.11.10"]
[EventType "tourn"]
[EventCountry "USA"]
[SourceTitle "playchess.com"]
[Source "ChessBase"]
[SourceQuality "1"]

{[%evp 21,93,33,14,-25,0,-51,25,14,19,11,13,17,13,6,22,22,7,11,0,25,45,0,0,-22,-13,-31,-38,-44,-58,-56,-50,-41,-47,-43,-21,-45,0,0,0,0,30,0,16,-15,5,11,22,29,50,34,32,47,47,45,44,46,45,47,32,19,56,54,42,55,53,8,8,0,0,0,0,0,0,0]} 1. e4 c5 2. Nf3 d6 3. d4 cxd4 4. Nxd4 Nf6 5. Nc3 a6 6. Be3 e5 7. Nb3 Be6 8. f3 Nbd7 9. g4 b5 10. g5 Nh5 11. Qd2 Be7 12. Nd5 {B90: Sicilian Najdorf: Unusual White 6th moves, 6 Be3 Ng4 and 6 Be3 e5} Bxd5 $1 13. exd5 (13. Qxd5 $11 O-O 14. Qd2) 13... O-O ({Black should try} 13... Nf4 $1 $15) 14. O-O-O $11 {White has an edge.} f6 {[%cal Rf6g5]} 15. g6 (15. gxf6 Rxf6 16. Na5 Nf4 17. Nc6 Qf8 18. Kb1 Bd8 19. c4 Bb6 20. cxb5 axb5 21. Bxb5 {1-0 (47) Dominguez Perez,L (2750)-Paravyan,D (2610) Sochi 2019}) 15... hxg6 16. Rg1 Qe8 17. Na5 f5 18. Nc6 Kh7 19. c4 bxc4 20. Bxc4 ({Reject} 20. Nxe7 Qxe7 21. Kb1 Rac8 $17) 20... Bh4 $146 ({Predecessor:} 20... Bd8 21. Qb4 {1-0 (46) Kazoks,A (2361)-Albano,A (2282) ICCF email 2014}) 21. Qg2 Qf7 22. Qh3 Bd8 23. Rd2 Bb6 24. Bxb6 $1 Nxb6 25. Bb3 $1 Kg8 $1 26. Qh4 Rfe8 27. Qb4 $1 {[%cal Rb4b6][%mdl 64] [#] Double Attack} Nc8 28. Kb1 a5 29. Qb5 $1 Nf4 30. Nxa5 Kh7 31. Nc6 Ne7 32. Rc1 e4 33. Re1 exf3 {Hoping for ...Nxc6.} 34. Nd4 Nexd5 35. Rxe8 Qxe8 36. Qxe8 Rxe8 37. Nxf3 Nf6 38. Ng5+ Kh6 39. Nf7+ {[%mdl 64] [#] Double Attack} Kh5 40. Nxd6 Ne4 41. Bd1+ Kh4 $1 42. Nxe8 Nxd2+ 43. Kc1 (43. Kc2 $5 {[%cal Rc2d2]} Nc4 44. a4 $16) 43... Nc4 {The position is equal.} 44. a4 Nd3+ 45. Kc2 Ndxb2 46. Be2 Kh3 47. Nxg7 {Accuracy: White = 65%, Black = 56%.} 1/2-1/2

[Event "Winter Chess Classic-A 2019"]
[Site "Saint Louis"]
[Date "2019.11.15"]
[Round "6.5"]
[White "Gabuzyan, Hovhannes"]
[Black "Naroditsky, Daniel"]
[Result "1/2-1/2"]
[WhiteElo "2616"]
[BlackElo "2613"]
[Annotator "TA"]
[PlyCount "74"]
[EventDate "2019.11.10"]
[EventType "tourn"]
[EventCountry "USA"]
[SourceTitle "playchess.com"]
[Source "ChessBase"]
[SourceQuality "1"]

{[%evp 17,74,16,38,54,58,58,61,37,62,66,74,24,39,27,34,29,40,29,27,42,85,46,64,66,52,69,120,118,121,118,113,108,125,115,131,124,193,181,237,200,238,231,221,234,208,88,94,0,1,0,0,0,0,0,0,0,0,0,0]} 1. c4 Nf6 2. Nc3 g6 3. g3 Bg7 4. Bg2 O-O 5. d3 d6 6. e4 Nc6 7. Nge2 e5 8. O-O Nh5 9. Be3 f5 10. exf5 {A26: English Opening vs King's Indian with ...Nc6 and d3} gxf5 {Threatening ...f4.} (10... Bxf5 11. d4 Qd7 12. d5 Ne7 13. f3 Bh3 14. Bxh3 Qxh3 15. Ne4 Qd7 16. g4 Nf6 17. N2c3 Nxe4 18. Nxe4 {1-0 (34) Bachmann,A (2632)-Berg,E (2581) Maastricht 2016}) 11. f4 Nf6 12. Kh1 {White is slightly better.} Kh8 13. Qd2 Be6 $146 ({Predecessor:} 13... Ng4 14. Bg1 Nd4 15. Rae1 Nxe2 16. Rxe2 c6 17. c5 d5 {½-½ (43) Hechl,G (2193)-Milde,L (2247) ICCF email 2015}) 14. b4 a6 15. Rab1 Qd7 16. a4 {[%cal Ba2a4,Ba4b5,Bb5b6][%mdl 32]} Rae8 17. b5 axb5 18. axb5 Nd8 19. Nd5 Ng4 20. Bg1 $1 $36 {[%mdl 2048] Black is under pressure.} Bxd5 21. cxd5 ({Reject} 21. Bxd5 e4 $17) 21... Qf7 (21... b6 $1 $14) 22. b6 c6 23. fxe5 dxe5 24. d4 e4 25. dxc6 Nxc6 26. d5 Nce5 {[#]} (26... e3 $16 27. Qd1 Nce5) 27. Nf4 $1 $18 Rd8 (27... Nc4 $142 28. Qe2 Nd6) 28. Qe2 Rfe8 29. Ne6 Rxe6 30. dxe6 Qxe6 31. Rbd1 (31. Rbc1 $18 {is more deadly.}) 31... Nd3 $16 32. Rd2 (32. h3 $16 Nf6 33. Rd2) 32... Qh6 $1 $11 {The position is equal.} 33. Rc2 e3 {[#] ...Ndf2+ is the strong threat.} 34. h3 Ndf2+ 35. Bxf2 Nxf2+ 36. Rxf2 exf2 37. Qxf2 Bd4 {Accuracy: White = 64%, Black = 67%.} 1/2-1/2

[Event "Winter Chess Classic-A 2019"]
[Site "Saint Louis"]
[Date "2019.11.16"]
[Round "7.1"]
[White "Naroditsky, Daniel"]
[Black "Sethuraman, S.P."]
[Result "1/2-1/2"]
[WhiteElo "2613"]
[BlackElo "2634"]
[Annotator "ChessBase"]
[PlyCount "24"]
[EventDate "2019.11.10"]
[EventType "tourn"]
[EventCountry "USA"]
[SourceTitle "playchess.com"]
[Source "ChessBase"]
[SourceQuality "1"]
[TimeControl "40/5400+30:1800+30"]

1. Nf3 {[%emt 0:00:00]} d5 {[%emt 0:00:00]} 2. g3 {[%emt 0:00:29]} Nf6 {[%emt 0:00:00]} 3. Bg2 {[%emt 0:00:07]} c5 {[%emt 0:00:00]} 4. O-O {[%emt 0:01:05]} g6 {[%emt 0:00:04]} 5. c4 {[%emt 0:00:20]} Bg7 {[%emt 0:00:10]} 6. cxd5 {[%emt 0:04:54]} Nxd5 {[%emt 0:00:17]} 7. d4 {[%emt 0:00:07]} cxd4 {[%emt 0:00:08]} 8. Nxd4 {[%emt 0:00:09]} O-O {[%emt 0:00:10]} 9. Nb5 {[%emt 0:08:59]} Be6 {[%emt 0:00:37]} 10. Nd4 {[%emt 0:01:56]} Bc8 {[%emt 0:00:24]} 11. Nb5 {[%emt 0:03:15]} Be6 {[%emt 0:00:08]} 12. Nd4 {[%emt 0:00:18]} Bc8 {[%emt 0:00:05]} 1/2-1/2

[Event "Winter Chess Classic-A 2019"]
[Site "Saint Louis"]
[Date "2019.11.16"]
[Round "7.2"]
[White "Sarana, Alexey"]
[Black "Gabuzyan, Hovhannes"]
[Result "1-0"]
[WhiteElo "2664"]
[BlackElo "2616"]
[Annotator "TA"]
[PlyCount "71"]
[EventDate "2019.11.10"]
[EventType "tourn"]
[EventCountry "USA"]
[SourceTitle "playchess.com"]
[Source "ChessBase"]
[SourceQuality "1"]

{[%evp 15,71,21,37,20,25,16,35,16,25,10,36,36,41,42,86,52,49,45,56,47,97,97,101,93,120,118,107,118,114,151,129,115,141,140,151,67,239,231,233,229,262,262,292,278,289,282,306,300,323,298,470,466,643,642,914,880,840,652]} 1. e4 c5 2. Nf3 d6 3. d4 cxd4 4. Nxd4 Nf6 5. Nc3 a6 6. Be3 e5 7. Nb3 Be6 8. f3 h5 9. Nd5 {B90: Sicilian Najdorf: Unusual White 6th moves, 6 Be3 Ng4 and 6 Be3 e5} Bxd5 10. exd5 Nbd7 11. Qd2 {White is slightly better.} g6 $146 ({Predecessor:} 11... Qc7 12. O-O-O Rc8 13. Kb1 g6 14. c4 Bg7 {1-0 (44) Kryvoruchko,Y (2597)-Aveskulov,V (2532) Cappelle-la-Grande 2008}) 12. O-O-O Rc8 13. Kb1 Bg7 14. Be2 Qc7 15. c4 b6 16. h4 Nc5 17. g4 Ra8 18. Qc2 a5 19. a3 a4 20. Nc1 (20. Nxc5 bxc5 21. Bg5 Qb7 $14) 20... Qd7 {[%cal Rh5g4]} 21. Rdg1 Rc8 22. Na2 Nb3 23. Nc3 {Black must now prevent g5.} Nd4 24. Qd1 O-O 25. Bd3 ({White should try} 25. Bxd4 $16 exd4 26. Ne4 (26. Nxa4 Rb8 $14) (26. Qxd4 Nxg4 27. Qd2 Qf5+ 28. Ka2 Ne5 $17)) 25... Rfe8 $2 {[#]} (25... b5 $14) 26. g5 ({Don't take} 26. Nxa4 $6 Qb7 $16) ({Inferior is} 26. Qxa4 Qxa4 27. Nxa4 Nxf3 $11) 26... Nh7 27. Nxa4 {And now Bxd4 would win.} Qd8 28. Nc3 Nf8 29. Bxd4 exd4 30. Ne4 Rc7 31. f4 Rce7 32. Qc2 Kh8 {[#]} (32... Nd7 {was necessary.} 33. Nxd6 Rf8) 33. f5 $1 $18 {[%mdl 512] White is clearly winning.} gxf5 34. Nf6 {[%mdl 64] Double Attack} Ng6 35. Qd1 Nf4 36. Rf1 {Accuracy: White = 82%, Black = 51%.} 1-0

[Event "Winter Chess Classic-A 2019"]
[Site "Saint Louis"]
[Date "2019.11.16"]
[Round "7.3"]
[White "Jumabayev, Rinat"]
[Black "Sevian, Samuel"]
[Result "1/2-1/2"]
[WhiteElo "2641"]
[BlackElo "2657"]
[Annotator "TA"]
[PlyCount "95"]
[EventDate "2019.11.10"]
[EventType "tourn"]
[EventCountry "USA"]
[SourceTitle "playchess.com"]
[Source "ChessBase"]
[SourceQuality "1"]

{[%evp 17,95,37,35,42,47,29,41,44,50,16,0,0,30,6,29,18,25,0,13,0,50,44,50,1,0,16,16,22,37,54,51,40,51,51,52,41,46,1,18,26,27,31,20,25,30,26,25,0,0,0,0,-28,-16,-24,-17,-18,0,0,96,37,62,0,67,0,22,0,3,10,121,133,141,0,0,0,0,0,0,0,0,0]} 1. d4 Nf6 2. c4 g6 3. g3 Bg7 4. Bg2 O-O 5. Nf3 d6 6. Nc3 Nbd7 7. O-O e5 8. e4 exd4 9. Nxd4 Nc5 10. Qc2 {E68: King's Indian: Fianchetto: 6...Nbd7 7 0-0 e5 8 e4} (10. h3 Re8 11. Re1 Bd7 12. Rb1 h6 13. b4 Ne6 14. Nxe6 Bxe6 15. Nd5 a5 16. a3 axb4 17. axb4 Nxd5 18. cxd5 Bd7 19. Bb2 Bxb2 20. Rxb2 Qf6 {½-½ (30) Howell,D (2693)-Ganguly,S (2633) Astana 2019}) 10... Ng4 11. Rd1 Ne5 $146 ({Predecessor:} 11... Ne6 12. Nce2 c6 13. h3 Nxd4 14. Nxd4 Qb6 15. Nf3 Ne5 16. Rxd6 Nxf3+ 17. Bxf3 Bxh3 {1-0 (31) Muth,A-Tonn,P (2103) Moerlenbach 2004}) 12. Nce2 {White is slightly better.} Bd7 13. h3 (13. f4 $5 {[%cal Rf4e5]} Nc6 14. Be3 $11) 13... Qc8 14. Nf4 Re8 15. Kh2 Nc6 16. Be3 Nb4 17. Qb1 a5 18. Rd2 Ra6 19. Qh1 h5 20. Nfe2 a4 21. Nc3 Ra5 22. Rad1 h4 23. g4 Ne6 24. Nde2 g5 25. Qe1 a3 26. b3 Nf4 27. Nxf4 gxf4 28. Bd4 Bxd4 29. Rxd4 {Hoping for Qd2.} Nc2 30. Qd2 Nxd4 31. Qxd4 Rae5 32. Nd5 Qd8 33. Nxf4 Bc6 {[%cal Re5e4]} 34. Nh5 {[#]} Rxh5 $1 {[%mdl 512]} 35. gxh5 Qg5 36. Re1 f5 37. Rg1 Qf4+ 38. Kh1 Re5 $1 {[%cal Rf5e4]} 39. Qa7 ({White should try} 39. b4 $14 b6 40. c5 bxc5 41. Qc4+ Kf8 42. h6 Qxh6 43. Qa6) 39... Re8 (39... Kf7 $11) 40. Qd4 {And now Bf3+ would win.} Re5 $1 {[%cal Rf5e4]} 41. Qa7 Kf7 42. Qb8 Re8 (42... Bxe4 $11 43. Bxe4 (43. Qxc7+ Re7 $14) 43... Qxe4+ 44. Rg2 (44. Kh2 Qf4+ {[%mdl 64] Double Attack} 45. Kg2 Qe4+ 46. Kh2 Qf4+ {[%mdl 64] Double Attack} 47. Kg2 Re2 $11) 44... Qf3 45. Qg8+ (45. Qxc7+ Ke6 $11) 45... Ke7 46. Qg5+ {[%mdl 64] Double Attack} Kd7) 43. Qxc7+ $16 Re7 {[#]} 44. Qc8 (44. Qa5 $1 $16) 44... Bxe4 $11 {The position is equal.} 45. Bxe4 Qxe4+ 46. Rg2 {Threatens to win with Qg8+.} Qe1+ $1 47. Kh2 Qe5+ 48. Kh1 {Accuracy: White = 53%, Black = 50%.} 1/2-1/2

[Event "Winter Chess Classic-A 2019"]
[Site "Saint Louis"]
[Date "2019.11.16"]
[Round "7.4"]
[White "Erdos, Viktor"]
[Black "Xiong, Jeffery"]
[Result "0-1"]
[WhiteElo "2613"]
[BlackElo "2712"]
[Annotator "TA"]
[PlyCount "56"]
[EventDate "2019.11.10"]
[EventType "tourn"]
[EventCountry "USA"]
[SourceTitle "playchess.com"]
[Source "ChessBase"]
[SourceQuality "1"]

{[%evp 9,56,0,32,39,41,43,37,43,46,51,42,34,56,28,56,29,47,0,0,0,0,0,11,-31,-28,-18,0,-1,0,-96,-95,-89,-98,-387,-371,-417,-411,-406,-389,-414,-383,-533,-535,-965,-964,-1066,-1052,-1031,-1012]} 1. Nf3 d5 2. d4 Nf6 3. c4 e6 4. Nc3 dxc4 5. e4 b5 $146 (5... Bb4 6. Bg5 c5 7. Bxc4 cxd4 8. Nxd4 Bxc3+ 9. bxc3 Qa5 10. Bd2 O-O 11. Qe2 e5 12. Nb3 Qc7 13. O-O Bg4 14. f3 Rc8 15. Bd5 Nxd5 16. exd5 Bh5 17. c4 {1-0 (38) Carlsen,M (2845)-Aronian,L (2763) Karlsruhe/Baden Baden 2019}) 6. e5 {D24: Queen's Gambit Accepted: 3 Nf3 Nf6 4 Nc3} Nd5 7. Nxb5 Nb6 8. Be2 {White is slightly better.} Be7 9. O-O Nc6 {[%cal Bb8c6,Bc6e7,Be7g6,Bg6h4][%mdl 32]} 10. Qd2 Bb7 11. Rd1 Qd7 12. Qf4 g5 13. Nxg5 Bxg5 14. Qxg5 {d5! is the strong threat.} Ne7 $1 15. d5 $1 {[%cal Rd5e6]} Nbxd5 {Threatens to win with ...Rg8.} 16. a4 Rg8 $36 {[%mdl 2048] Black has some pressure.} 17. Qd2 a6 18. Nd4 O-O-O 19. f3 (19. Nf3 $1 $11 {remains equal.}) 19... Ng6 $1 $17 20. Bxc4 {[#]} c5 $1 {aiming for ...Nh4.} 21. Nc2 $2 {[%mdl 8192] [#]} (21. Ne2 $17 {was necessary.}) 21... Nh4 $1 $19 {[%cal Rh4f3][%mdl 64] Strongly threatening ...Nxf3+. Discovered Attack} ({Not} 21... Nxe5 22. Be2 $15) 22. Ne1 {[#]} Rxg2+ $1 {[%mdl 512]} 23. Qxg2 (23. Nxg2 Nxf3+) 23... Nxg2 24. Nxg2 Qc7 25. Bh6 Qxe5 {Black is clearly winning.} 26. Rac1 Rg8 {Hoping for ...Ne3!} 27. Bf1 Qf6 28. Rxc5+ Kb8 {Accuracy: White = 43%, Black = 77%.} 0-1

[Event "Winter Chess Classic-A 2019"]
[Site "Saint Louis"]
[Date "2019.11.16"]
[Round "7.5"]
[White "Akobian, Varuzhan"]
[Black "Oparin, Grigoriy"]
[Result "1/2-1/2"]
[WhiteElo "2627"]
[BlackElo "2657"]
[Annotator "TA"]
[PlyCount "186"]
[EventDate "2019.11.10"]
[EventType "tourn"]
[EventCountry "USA"]
[SourceTitle "playchess.com"]
[Source "ChessBase"]
[SourceQuality "1"]

{[%evp 11,186,21,18,18,16,17,31,28,28,16,23,25,21,19,45,46,25,39,45,3,19,11,20,0,20,20,20,17,19,15,25,25,25,25,25,29,22,25,25,25,28,25,25,23,31,24,45,26,45,45,46,16,47,47,54,62,50,52,67,67,86,86,86,86,86,86,86,86,86,86,86,86,86,86,115,115,115,115,115,115,115,115,115,115,115,115,115,48,48,48,48,48,48,18,18,18,18,0,0,0,8,8,8,0,0,0,0,0,0,0,0,0,0,0,0,0,0,0,0,0,0,0,0,0,0,0,0,0,0,0,0,0,0,0,0,0,0,0,0,0,0,0,0,0,8,8,8,0,0,0,8,8,8,8,8,8,8,8,8,0,0,0,0,0,0,0,0,0,0,0,0,0,0,0,0,0,0]} 1. d4 d5 $146 ({Predecessor:} 1... Nf6 2. c4 e6 3. Nc3 d5 4. Nf3 {½-½ (41) Nepomniachtchi,I (2704)-Andreikin,D (2718) Moscow 2012}) 2. c4 e6 3. Nc3 Be7 4. Nf3 Nf6 5. Bf4 O-O 6. e3 Nbd7 7. a3 {D37: Queen's Gambit Declined: 5 Bf4} c5 8. cxd5 Nxd5 9. Nxd5 {White is slightly better.} exd5 10. dxc5 Nxc5 11. Be5 Bg4 12. Be2 Bxf3 13. Bxf3 Bf6 14. Bxf6 Qxf6 15. Qxd5 Qxb2 16. O-O Rac8 17. Rfb1 Qf6 18. Qd4 Qe7 19. a4 Rfd8 20. Qb4 b6 21. a5 Rd6 22. axb6 axb6 23. Rd1 g6 24. Rxd6 Qxd6 25. Rb1 Rb8 26. g3 Qf6 27. Kg2 Kg7 28. Qb5 h5 29. h4 Qe6 30. Rb4 Qd7 31. Qc4 Qe6 32. Bd5 Qf6 33. Qc2 {Strongly threatening Rf4.} Rf8 34. Rf4 Qe5 35. Qa2 {[%cal Rf4f7]} f5 36. Rb4 Rd8 37. Bc6 Rc8 38. Qa7+ {[%mdl 64] [#] Double Attack} ({Don't blunder} 38. Rxb6 $2 {[#]} Rxc6 $1 {[%mdl 512]} 39. Rb5 Qe4+ 40. Kh2 Ne6 $19) 38... Qc7 39. Qxc7+ Rxc7 40. Rxb6 {And now Be8 would win.} Nd7 41. Bxd7 Rxd7 $16 {[%mdl 4096] Endgame KR-KR} 42. Kf3 Rd2 43. Kf4 Kh6 44. f3 Rf2 45. Rb7 Rf1 46. Rf7 Rf2 47. Rd7 Rf1 48. Rd2 Kg7 49. e4 ({White should try} 49. Rc2 $16) 49... fxe4 $14 50. Kxe4 Ra1 51. Rd4 Ra6 52. g4 hxg4 {The position is equal.} 53. fxg4 Kf6 54. g5+ Ke6 55. Rb4 Ra1 56. Rb6+ Kf7 57. Rb4 Ke6 58. Kf4 Rf1+ 59. Kg3 Rg1+ 60. Kf2 Ra1 61. Rf4 {aiming for Rf6+.} Ke5 62. Rf3 Ra2+ 63. Kg3 Ra1 64. Re3+ Kf5 65. Rf3+ Ke5 66. Kh3 Rb1 67. Rf6 Rb3+ 68. Kg4 Rb4+ 69. Kg3 Rb3+ 70. Kf2 Rb2+ 71. Kg3 Rb3+ 72. Rf3 Rb1 73. Ra3 Ke6 74. Ra6+ Kf7 75. Rf6+ Kg7 76. Rf4 Rg1+ 77. Kf3 Rf1+ (77... Re1 {feels hotter.} 78. Rc4 Rh1 79. Kg3 Rf1 80. Rd4 Rh1) 78. Ke3 Ra1 79. Rd4 Kf7 80. Rf4+ Kg7 81. Ke4 Ra3 82. Kd5 Ra5+ 83. Kc6 Ra6+ 84. Kb7 (84. Kb5 {is more complex.} Ra1 85. Re4 Rb1+ 86. Kc6 Rc1+ 87. Kd6) 84... Ra1 85. Rc4 Kf7 86. Kc7 Ke6 87. Rf4 Ke5 88. Rf6 {Black must now prevent Kd8.} Rh1 89. Kd7 {Hoping for Ke7.} Rxh4 90. Rxg6 Kf5 91. Rg8 Rg4 92. g6 Rxg6 93. Rxg6 Kxg6 {Accuracy: White = 74%, Black = 81%.} 1/2-1/2